00549nam a2200193Ia 450000500170000000800410001702000180005804100120007608200150008810000270010324500670013025000120019726000490020930000190025865000170027765000240029465000210031865000160033920260429111850.0260429s9999||||xx |||||||||||||| ||und|| a9789358990621 aEnglish a634.6bRED aReddy, Vijayarakesh V. 0aTropical and subtropical fruit crops / cVijayarakesh V. Reddy a1st ed. aNew Delhi : bElite Publishing House,c2024. axi, 277 p.; hb a Fruit crops a Subtropical fruits a Tropical fruits aAgriculture